[Event "Team B15 chess final 2018"]
[Site "Sochi"]
[Date "2018.05.05"]
[Round "5.1"]
[White "Grachev, Alexey"]
[Black "Mochalin, Faddey"]
[Result "1/2-1/2"]
[WhiteElo "2220"]
[BlackElo "2077"]
[PlyCount "85"]
[EventDate "2018.05.01"]

1. e4 c5 2. Nf3 Nc6 3. d4 cxd4 4. Nxd4 Nf6 5. Nc3 e5 6. Ndb5 d6 7. Bg5 a6 8.
Na3 b5 9. Nd5 Be7 10. Bxf6 Bxf6 11. c4 Nd4 12. Nc2 Bg4 13. Qb1 Nxc2+ 14. Qxc2
Rc8 15. Bd3 Be6 16. O-O Bg5 17. Qb3 Bxd5 18. exd5 bxc4 19. Bxc4 Rb8 20. Qa4+
Ke7 21. Qxa6 Rxb2 22. Rab1 Qb8 23. Bd3 Rd8 24. a4 Rd7 25. Qc6 Rdb7 26. Rxb2
Rxb2 27. a5 Bd2 28. a6 Bb4 29. Qc4 Kf8 30. Qg4 g6 31. f4 e4 32. Bxe4 Qb6+ 33.
Kh1 Qxa6 34. Qf3 Rb3 35. Qd1 Bc5 36. f5 Kg8 37. Bf3 Qb6 38. fxg6 hxg6 39. Qc1
Kg7 40. Qf4 Be3 41. Qe4 Qa6 42. Rd1 Bg5 43. Qc2 1/2-1/2

[Event "Team B15 chess final 2018"]
[Site "Sochi"]
[Date "2018.05.05"]
[Round "5.2"]
[White "Bobkov, Vadim"]
[Black "Ponomarev, Grigori"]
[Result "1/2-1/2"]
[WhiteElo "1933"]
[BlackElo "2225"]
[PlyCount "86"]
[EventDate "2018.05.01"]

1. d4 d5 2. c4 c6 3. cxd5 cxd5 4. Nc3 Nf6 5. Nf3 Nc6 6. Bf4 Ne4 7. Qb3 e6 8. e3
Nxc3 9. bxc3 Bd6 10. Bg3 O-O 11. Bd3 h6 12. Bb1 b6 13. Qb5 Qc7 14. Qd3 f5 15.
O-O a5 16. Qe2 Bxg3 17. hxg3 e5 18. Nd2 e4 19. Rc1 Ba6 20. Qd1 Kh8 21. c4 dxc4
22. Nxc4 Bxc4 23. Rxc4 Qd7 24. a3 Ne5 25. Rc3 Rac8 26. Rxc8 Rxc8 27. Bxe4 fxe4
28. dxe5 Qe6 29. Qd6 Re8 30. Rb1 Qxe5 31. Qxe5 Rxe5 32. Rxb6 Rc5 33. Ra6 Rc1+
34. Kh2 Rc2 35. Rxa5 Rxf2 36. Ra4 Ra2 37. Kh3 h5 38. Kh4 g6 39. Rxe4 Rxa3 40.
Kg5 Ra6 41. Re7 Kg8 42. e4 Kf8 43. Rc7 Re6 1/2-1/2

[Event "Team B15 chess final 2018"]
[Site "Sochi"]
[Date "2018.05.05"]
[Round "5.3"]
[White "Minachev, Maksim"]
[Black "Petrovsky, Nikita"]
[Result "1-0"]
[WhiteElo "2026"]
[BlackElo "1880"]
[PlyCount "77"]
[EventDate "2018.05.01"]

1. e4 c5 2. Nf3 d6 3. Bb5+ Nd7 4. d4 cxd4 5. Qxd4 e5 6. Qd3 h6 7. O-O Ngf6 8.
c4 Qc7 9. Nc3 Be7 10. Rd1 a6 11. Bxd7+ Bxd7 12. b3 Bc6 13. Nh4 g6 14. g3 h5 15.
Ng2 Nd7 16. Ba3 Nc5 17. Bxc5 dxc5 18. Ne3 O-O 19. Ned5 Qd8 20. Qf3 Qe8 21. Nc7
Qc8 22. Nxa8 Qxa8 23. Nd5 Bd8 24. Qe3 b6 25. a4 a5 26. f4 Qb8 27. f5 Bxd5 28.
Rxd5 Bf6 29. Rf1 g5 30. h4 gxh4 31. Qh6 Bg7 32. Qxh5 f6 33. gxh4 Rf7 34. Rfd1
Bf8 35. R1d2 Rg7+ 36. Rg2 Qc7 37. Rdd2 Qe7 38. Rxg7+ Bxg7 39. Qg6 1-0

[Event "Team B15 chess final 2018"]
[Site "Sochi"]
[Date "2018.05.05"]
[Round "5.4"]
[White "Leukhin, Artem"]
[Black "Babakekhyan, Artem"]
[Result "1-0"]
[WhiteElo "1656"]
[BlackElo "2042"]
[PlyCount "73"]
[EventDate "2018.05.01"]

1. e4 c5 2. c3 Nf6 3. e5 Nd5 4. Nf3 Nc6 5. d4 cxd4 6. Bc4 Nb6 7. Bb3 d5 8. exd6
Qxd6 9. O-O d3 10. Na3 Bf5 11. Nb5 Qd7 12. Re1 e6 13. Bf4 Rc8 14. Nfd4 Nxd4 15.
Nxd4 Be7 16. Nxf5 exf5 17. Bg5 f6 18. Be6 Qd6 19. Bxc8 Nxc8 20. Be3 O-O 21. Bd4
Qa6 22. Re3 Rd8 23. Qxd3 Qa5 24. Qc4+ Kh8 25. Qf7 Qb5 26. Rxe7 Nxe7 27. Qxe7
Re8 28. Qb4 Qe2 29. h3 b6 30. Be3 h5 31. Qb3 g5 32. Qf7 Rg8 33. Qxf6+ Kh7 34.
Qxf5+ Kh6 35. Qf6+ Kh7 36. Bxg5 Qb5 37. Qh6# 1-0

[Event "Team B15 chess final 2018"]
[Site "Sochi"]
[Date "2018.05.05"]
[Round "5.1"]
[White "Ril, Evgeny"]
[Black "Kirushin, Ivan"]
[Result "1-0"]
[WhiteElo "1754"]
[BlackElo "1800"]
[PlyCount "75"]
[EventDate "2018.05.01"]
[BlackTeam "Ð¡Ð¨ÐžÐ  "]

1. e4 e5 2. Bc4 Nf6 3. d3 Nc6 4. Nc3 Na5 5. Nge2 Be7 6. O-O O-O 7. a4 Nxc4 8.
dxc4 b6 9. f4 Bc5+ 10. Kh1 Ng4 11. Qe1 exf4 12. Nxf4 d6 13. h3 Ne5 14. b3 f5
15. Be3 Bxe3 16. Qxe3 Qh4 17. Nd3 Ng4 18. Qf3 Bb7 19. Nd5 Rae8 20. exf5 Ne3 21.
Rfe1 Bxd5 22. cxd5 Rxf5 23. Qxf5 Nxf5 24. Rxe8+ Kf7 25. Rae1 Qd4 26. Rc8 h6 27.
Rxc7+ Kg6 28. Rc4 Ng3+ 29. Kh2 Nf1+ 30. Rxf1 Qe3 31. Rg4+ Kh7 32. Rf7 h5 33.
Rfxg7+ Kh8 34. Rg8+ Kh7 35. R4g7+ Kh6 36. Rg3 Qd4 37. R8g6+ Kh7 38. Rxd6 1-0

[Event "Team B15 chess final 2018"]
[Site "Sochi"]
[Date "2018.05.05"]
[Round "5.2"]
[White "Smelykh, Edvin"]
[Black "Tsybulkin, Ivan"]
[Result "0-1"]
[WhiteElo "1937"]
[BlackElo "1814"]
[PlyCount "70"]
[EventDate "2018.05.01"]
[WhiteTeam "Ð¡Ð¨ÐžÐ  "]

1. e4 d5 2. exd5 Nf6 3. Bb5+ Bd7 4. Be2 Bf5 5. d4 Nxd5 6. a3 e6 7. Nf3 Be7 8.
c4 Nf6 9. Nc3 c6 10. O-O O-O 11. Bf4 Nbd7 12. Qb3 Qb6 13. Qxb6 Nxb6 14. Rac1
Ne4 15. Nxe4 Bxe4 16. Rfd1 Bxf3 17. Bxf3 Rfd8 18. Be2 Rd7 19. Rc2 Rad8 20. Rcd2
Bf6 21. Be3 Na4 22. g3 c5 23. dxc5 Rxd2 24. Rxd2 Rxd2 25. Bxd2 Bxb2 26. Bb4 Bd4
27. Bf3 Nxc5 28. Bxc5 Bxc5 29. Bxb7 Bxa3 30. Kf1 Kf8 31. Ke2 Ke7 32. Kd3 Kd6
33. Ba6 Bc5 34. Ke2 Kc6 35. Bb5+ Kb6 0-1

[Event "Team B15 chess final 2018"]
[Site "Sochi"]
[Date "2018.05.05"]
[Round "5.3"]
[White "Bratov, Ademir"]
[Black "Fridman, Roman A"]
[Result "1-0"]
[WhiteElo "1627"]
[BlackElo "1735"]
[PlyCount "109"]
[EventDate "2018.05.01"]
[BlackTeam "Ð¡Ð¨ÐžÐ  "]

1. e4 c5 2. Nf3 e6 3. c3 d6 4. d4 Be7 5. Be3 Nf6 6. Bd3 O-O 7. O-O b6 8. Qc2 h6
9. Na3 Bb7 10. Rfd1 Qc8 11. dxc5 dxc5 12. Bf4 Nbd7 13. Ne5 Nxe5 14. Bxe5 Nd7
15. Bg3 a6 16. Nc4 b5 17. Nd6 Bxd6 18. Bxd6 Re8 19. e5 Qc6 20. f3 c4 21. Bh7+
Kh8 22. Be4 Qb6+ 23. Qf2 Bxe4 24. fxe4 Qxf2+ 25. Kxf2 f6 26. exf6 gxf6 27. Ke3
Rac8 28. a4 Nc5 29. axb5 axb5 30. Bxc5 Rxc5 31. Ra7 Rg5 32. g3 b4 33. Rdd7 bxc3
34. bxc3 Kg8 35. Rac7 f5 36. Rxc4 Rh5 37. h4 fxe4 38. Rxe4 Rc5 39. c4 h5 40.
Kd4 Rec8 41. Kc3 R5c6 42. Rb7 Rf8 43. Rf4 Ra8 44. Rd4 Ra3+ 45. Kb4 Ra8 46. Kb5
Rca6 47. Rd8+ Rxd8 48. Kxa6 Kf8 49. c5 Rc8 50. Kb6 e5 51. Rh7 Rb8+ 52. Kc7 Rb5
53. Kc6 Rb3 54. Rxh5 Re3 55. Kd5 1-0

[Event "Team B15 chess final 2018"]
[Site "Sochi"]
[Date "2018.05.05"]
[Round "5.4"]
[White "Gaer, Margarita"]
[Black "Smekalov, Alexei"]
[Result "1/2-1/2"]
[WhiteElo "1661"]
[BlackElo "1486"]
[PlyCount "75"]
[EventDate "2018.05.01"]
[WhiteTeam "Ð¡Ð¨ÐžÐ  "]

1. d4 d5 2. Nf3 Nf6 3. Bf4 c5 4. e3 Bg4 5. c3 Nc6 6. Nbd2 a6 7. h3 Bh5 8. Bd3
e6 9. O-O Be7 10. Qb1 cxd4 11. exd4 O-O 12. Ne5 Rc8 13. Re1 Bg6 14. Nxg6 hxg6
15. Nf3 Na5 16. Ne5 Nd7 17. Qd1 Nxe5 18. Bxe5 Nc4 19. Bxc4 Rxc4 20. Qg4 b5 21.
a3 a5 22. Rec1 Bd6 23. b3 Rc7 24. Qe2 Bxe5 25. Qxe5 Qc8 26. Qe3 Qb7 27. Ra2
Rfc8 28. Rac2 a4 29. b4 Rc4 30. Kf1 Qe7 31. Ke2 Qf6 32. Kd3 Re8 33. Re2 Rec8
34. Rec2 Re8 35. Re2 Rec8 36. Rec2 Re8 37. Re2 Rec8 38. Rec2 1/2-1/2

[Event "Team B15 chess final 2018"]
[Site "Sochi"]
[Date "2018.05.05"]
[Round "5.1"]
[White "Tsvetkov, Andrey"]
[Black "Makarian, Rudik"]
[Result "1-0"]
[WhiteElo "2216"]
[BlackElo "2378"]
[PlyCount "59"]
[EventDate "2018.05.01"]
[WhiteTeam "Ð¡Ð¨ "]

1. d4 Nf6 2. c4 e6 3. Nc3 Bb4 4. e3 O-O 5. Bd3 d5 6. cxd5 exd5 7. Nge2 c6 8. a3
Bd6 9. O-O Re8 10. b4 a6 11. f3 a5 12. Rb1 axb4 13. axb4 Na6 14. e4 dxe4 15.
fxe4 Nxb4 16. Bc4 b5 17. Bb3 Be7 18. Bg5 Na6 19. Bxf6 gxf6 20. Rf3 Nc7 21. Ng3
Kh8 22. Nf5 Bxf5 23. exf5 b4 24. Rh3 Bf8 25. Bxf7 Re1+ 26. Qxe1 Qxd4+ 27. Kh1
bxc3 28. Qxc3 Qe4 29. Qxf6+ Bg7 30. Rxh7+ 1-0

[Event "Team B15 chess final 2018"]
[Site "Sochi"]
[Date "2018.05.05"]
[Round "5.2"]
[White "Zhuk, Kirill"]
[Black "Vasilyev, Alexey"]
[Result "0-1"]
[WhiteElo "2002"]
[BlackElo "2074"]
[PlyCount "96"]
[EventDate "2018.05.01"]
[BlackTeam "Ð¡Ð¨ "]

1. e4 c5 2. Nf3 e6 3. d4 cxd4 4. Nxd4 Nc6 5. Nb5 d6 6. c4 Nf6 7. N1c3 a6 8. Na3
Be7 9. Be2 O-O 10. O-O Qc7 11. Be3 b6 12. f3 Bb7 13. Qd2 Rac8 14. Rac1 Ne5 15.
Rfd1 Rfe8 16. Kh1 Ned7 17. Bg1 Qb8 18. Nc2 Qc7 19. Ne3 Ne5 20. Bf1 Nh5 21. b3
Red8 22. Qf2 Bg5 23. g3 Nd7 24. f4 Bf6 25. Bg2 Bxc3 26. Rxc3 Nhf6 27. Qc2 Nc5
28. Rd4 Ncxe4 29. Rxe4 Nxe4 30. Bxe4 d5 31. Bg2 d4 32. Rd3 dxe3 33. Rxd8+ Rxd8
34. Bxe3 Bxg2+ 35. Kxg2 Qc6+ 36. Kh3 Qf3 37. Bxb6 Rd7 38. Qf2 Qxf2 39. Bxf2 Rd2
40. Bb6 Rxa2 41. b4 Rc2 42. c5 f5 43. g4 Rc3+ 44. Kh4 h6 45. g5 Kh7 46. gxh6
Kxh6 47. Ba5 e5 48. fxe5 g5# 0-1

[Event "Team B15 chess final 2018"]
[Site "Sochi"]
[Date "2018.05.05"]
[Round "5.3"]
[White "Girshgorn, Leonid"]
[Black "Lupolov, Boris"]
[Result "1-0"]
[WhiteElo "1886"]
[BlackElo "1929"]
[PlyCount "63"]
[EventDate "2018.05.01"]
[WhiteTeam "Ð¡Ð¨ "]

1. d4 Nf6 2. Bf4 e6 3. e3 d5 4. Nf3 Be7 5. Nbd2 Nbd7 6. Bd3 O-O 7. c3 c5 8. Ne5
Re8 9. Qf3 cxd4 10. exd4 Nf8 11. g4 Bd6 12. O-O-O Ng6 13. g5 Nxf4 14. Qxf4 Bxe5
15. dxe5 Nd7 16. Nf3 Nf8 17. h4 g6 18. Nh2 Re7 19. Ng4 Rc7 20. h5 b5 21. hxg6
fxg6 22. Nf6+ Kh8 23. Rh6 Rg7 24. Rdh1 Qe7 25. Qh4 Rb8 26. Bxg6 Rb7 27. Bxh7
Nxh7 28. g6 Rc7 29. Nxh7 Qxh4 30. R6xh4 Rxg6 31. Nf6+ Kg7 32. Rh7+ 1-0

[Event "Team B15 chess final 2018"]
[Site "Sochi"]
[Date "2018.05.05"]
[Round "5.4"]
[White "Larichev, Prokhor"]
[Black "Dunaev, Denis"]
[Result "0-1"]
[WhiteElo "1772"]
[BlackElo "1823"]
[PlyCount "78"]
[EventDate "2018.05.01"]
[BlackTeam "Ð¡Ð¨ "]

1. e4 Nf6 2. e5 Nd5 3. d4 d6 4. c4 Nb6 5. exd6 exd6 6. Be3 Be7 7. Nc3 O-O 8. b3
Bf6 9. Rc1 Re8 10. Be2 Nc6 11. Nf3 Bg4 12. O-O d5 13. c5 Nc8 14. a3 N8e7 15. b4
Nf5 16. Qd2 Bxf3 17. Bxf3 Ncxd4 18. Bxd4 Nxd4 19. Bxd5 c6 20. Bxf7+ Kxf7 21.
Qa2+ Kf8 22. Rce1 Rxe1 23. Rxe1 Nf3+ 24. gxf3 Bxc3 25. Re4 Bf6 26. Qe6 Qd5 27.
Qh3 h6 28. Kg2 Rd8 29. a4 b6 30. cxb6 axb6 31. Qg3 Qd6 32. Qh3 Qd7 33. Qh5 Qd5
34. Qh3 c5 35. bxc5 bxc5 36. Qg3 Qg5 37. Rg4 Qe5 38. f4 Qe4+ 39. Kh3 Rd3 0-1

[Event "Team B15 chess final 2018"]
[Site "Sochi"]
[Date "2018.05.05"]
[Round "5.1"]
[White "Kuznetsov, Sergey"]
[Black "Kopylov, Artem"]
[Result "1/2-1/2"]
[WhiteElo "1708"]
[BlackElo "1696"]
[PlyCount "128"]
[EventDate "2018.05.01"]

1. e4 c5 2. Nf3 a6 3. c3 d5 4. exd5 Qxd5 5. d4 Nf6 6. Be2 e6 7. O-O Nc6 8. Be3
cxd4 9. Nxd4 Nxd4 10. Bxd4 Be7 11. Bf3 Qd6 12. Nd2 Qc7 13. Qb3 O-O 14. Rfd1 e5
15. Bb6 Qb8 16. Qc2 Be6 17. Nb3 Nd7 18. Be3 Qc7 19. Bd5 Bxd5 20. Rxd5 Nf6 21.
Rd2 Ng4 22. Qf5 Nxe3 23. fxe3 Rad8 24. Rad1 Rxd2 25. Rxd2 Bd6 26. Qe4 Qb6 27.
Kf2 Bc7 28. Rd7 Qf6+ 29. Ke2 Qb6 30. Qc4 Bb8 31. Qd5 Ba7 32. Qxe5 Bb8 33. Qd5
Qg6 34. Nd4 Qg4+ 35. Kd2 Qh4 36. Kc2 Qf2+ 37. Kb3 Qxe3 38. Rxb7 Qd2 39. Ka3
Bxh2 40. Nf5 Qxd5 41. Ne7+ Kh8 42. Nxd5 h6 43. b4 Rd8 44. c4 f5 45. Rf7 Rc8 46.
Kb3 a5 47. b5 a4+ 48. Kxa4 Rxc4+ 49. Ka5 Rc5 50. Rxf5 g6 51. Rf8+ Kg7 52. Rd8
Rc2 53. a4 Rxg2 54. b6 g5 55. b7 Rb2 56. Ka6 g4 57. Nb6 Rf2 58. a5 Rf8 59. Rd4
h5 60. Nc8 Bb8 61. Rd1 g3 62. Kb6 Rf6+ 63. Kb5 Rf5+ 64. Kb6 Rf6+ 1/2-1/2

[Event "Team B15 chess final 2018"]
[Site "Sochi"]
[Date "2018.05.05"]
[Round "5.2"]
[White "Kuznetsova, Olga"]
[Black "Matushchak, Nikita"]
[Result "0-1"]
[WhiteElo "1439"]
[BlackElo "1737"]
[PlyCount "54"]
[EventDate "2018.05.01"]

1. e4 e6 2. d4 d5 3. Nd2 c5 4. Ngf3 Nc6 5. exd5 exd5 6. Bb5 Bd6 7. O-O Nge7 8.
dxc5 Bxc5 9. Nb3 Bb6 10. Nbd4 O-O 11. Nxc6 bxc6 12. Bd3 Ng6 13. h3 Qd6 14. Re1
Bxh3 15. gxh3 Qg3+ 16. Kh1 Bxf2 17. Rf1 Nh4 18. Rxf2 Qxf2 19. Nxh4 Qxh4 20. Bf5
g6 21. Bd7 Rad8 22. Bxc6 Qxh3+ 23. Kg1 Qg3+ 24. Kf1 Rd6 25. Bxd5 Rf6+ 26. Ke2
Rf2+ 27. Ke1 Qg1# 0-1

[Event "Team B15 chess final 2018"]
[Site "Sochi"]
[Date "2018.05.05"]
[Round "5.3"]
[White "Derevschikov, Nikita"]
[Black "Kuznetsova, Yulia"]
[Result "1-0"]
[WhiteElo "1593"]
[BlackElo "1319"]
[PlyCount "77"]
[EventDate "2018.05.01"]

1. e4 c5 2. Nf3 e6 3. c3 d5 4. exd5 exd5 5. d4 Nc6 6. Be2 Bd6 7. dxc5 Bxc5 8.
O-O Nge7 9. Nbd2 O-O 10. Nb3 Bb6 11. Bg5 f6 12. Bf4 Re8 13. Bd3 Ng6 14. Bxg6
hxg6 15. Nfd4 Nxd4 16. cxd4 Kf7 17. Qf3 Rh8 18. Rac1 Rh5 19. Qg3 Qh8 20. Rfe1
Bf5 21. Nc5 Kg8 22. Qb3 Kh7 23. Qxd5 Ba5 24. Re7 Bb4 25. Qxb7 Bxc5 26. Rxc5 Rb8
27. Bxb8 Rg5 28. Bg3 Rg4 29. Rcc7 g5 30. Rxg7+ Kh6 31. h3 Rxd4 32. Qxa7 Rd1+
33. Kh2 Rb1 34. Rcf7 Bg6 35. Re7 g4 36. h4 f5 37. Qe3+ f4 38. Qxf4+ Kh5 39.
Qg5# 1-0

[Event "Team B15 chess final 2018"]
[Site "Sochi"]
[Date "2018.05.05"]
[Round "5.4"]
[White "Komaev, Tamerlan"]
[Black "Maisakov, Mikhail"]
[Result "0-1"]
[WhiteElo "1184"]
[BlackElo "1561"]
[PlyCount "94"]
[EventDate "2018.05.01"]

1. e4 c6 2. d4 d5 3. Nc3 dxe4 4. Nxe4 Nf6 5. Nxf6+ gxf6 6. Nf3 Bg4 7. Be2 e6 8.
Bf4 Nd7 9. O-O Rg8 10. Kh1 Nb6 11. Bg3 Bh6 12. Bh4 Bf4 13. Bg3 Bxg3 14. fxg3
Nd5 15. Qd2 Qc7 16. c4 Ne7 17. Nh4 f5 18. Rf4 Bxe2 19. Qxe2 O-O-O 20. Rd1 Ng6
21. Nxg6 hxg6 22. Rh4 Rh8 23. Rxh8 Rxh8 24. Kg1 Rd8 25. Qc2 Qa5 26. b3 Rxd4 27.
a4 Qc5 28. Rxd4 Qxd4+ 29. Kf1 e5 30. h3 e4 31. h4 Kd7 32. a5 Ke6 33. a6 bxa6
34. Qc1 Qd3+ 35. Ke1 Qxg3+ 36. Kf1 e3 37. Qe1 Qxe1+ 38. Kxe1 Ke5 39. Ke2 Kd4
40. g3 c5 41. Ke1 Ke4 42. Ke2 a5 43. Ke1 Kf3 44. Kf1 a6 45. Ke1 e2 46. Kd2 Kf2
47. Kc2 e1=Q 0-1

[Event "Team B15 chess final 2018"]
[Site "Sochi"]
[Date "2018.05.05"]
[Round "5.1"]
[White "Sargsyan, Anatoly"]
[Black "Balayan, Eduard"]
[Result "1-0"]
[WhiteElo "1650"]
[BlackElo "1387"]
[PlyCount "69"]
[EventDate "2018.05.01"]

1. c4 Nf6 2. Nc3 g6 3. g3 Bg7 4. Bg2 O-O 5. e4 d6 6. Nge2 Nbd7 7. O-O e5 8. d3
Ne8 9. Be3 f5 10. Qd2 c6 11. Bh6 Qe7 12. Bxg7 Nxg7 13. f4 Nb6 14. b4 Be6 15.
exf5 Nxf5 16. fxe5 dxe5 17. Ne4 Rad8 18. Qc3 Nd4 19. Rxf8+ Qxf8 20. Nxd4 Rxd4
21. Rf1 Qd8 22. Nf6+ Kg7 23. Qe1 Bf5 24. Nh5+ Kh6 25. Qe3+ Qg5 26. Qxe5 Rxd3
27. Qg7+ Kxh5 28. Qxh7+ Qh6 29. Rxf5+ gxf5 30. Qxf5+ Qg5 31. Qxd3 Qe7 32. Qf5+
Kh6 33. Be4 Qg7 34. Qe6+ Kg5 35. h4+ 1-0

[Event "Team B15 chess final 2018"]
[Site "Sochi"]
[Date "2018.05.05"]
[Round "5.2"]
[White "Korobchenko, Yuri"]
[Black "Kamaev, Dzhabrail"]
[Result "0-1"]
[WhiteElo "1470"]
[BlackElo "1956"]
[PlyCount "52"]
[EventDate "2018.05.01"]

1. e4 e5 2. Nf3 Nc6 3. Bb5 a6 4. Ba4 Nf6 5. O-O Be7 6. Qe2 b5 7. Bb3 d6 8. h3
Na5 9. d4 exd4 10. e5 dxe5 11. Nxe5 Nxb3 12. axb3 Bb7 13. Na3 O-O 14. Nd3 Re8
15. Qd1 Nd5 16. Nf4 c5 17. Nxd5 Qxd5 18. Qg4 h5 19. Qg3 Bd6 20. f4 Re2 21. Rf2
Rae8 22. c4 dxc3 23. bxc3 Qd1+ 24. Rf1 Re1 25. Rxe1 Rxe1+ 26. Kf2 Qe2# 0-1

[Event "Team B15 chess final 2018"]
[Site "Sochi"]
[Date "2018.05.05"]
[Round "5.3"]
[White "Kalaychev, Nodis"]
[Black "Zhugin, Nikolay"]
[Result "1-0"]
[WhiteElo "1525"]
[BlackElo "1352"]
[PlyCount "27"]
[EventDate "2018.05.01"]

1. d4 Nf6 2. Nf3 g6 3. Bf4 Bg7 4. Nc3 d6 5. e4 O-O 6. Qd2 Nbd7 7. O-O-O a6 8.
e5 Nh5 9. Bh6 b5 10. g4 Bxh6 11. Qxh6 Ng7 12. Ng5 Re8 13. Qxh7+ Kf8 14. Qh8#
1-0

[Event "Team B15 chess final 2018"]
[Site "Sochi"]
[Date "2018.05.07"]
[Round "6.1"]
[White "Mochalin, Faddey"]
[Black "Kharitonov, Egor"]
[Result "1/2-1/2"]
[WhiteElo "2077"]
[BlackElo "2045"]
[PlyCount "96"]
[EventDate "2018.05.01"]

1. d4 d5 2. c4 e6 3. Nc3 c6 4. e3 Nf6 5. Nf3 Nbd7 6. Qc2 Bd6 7. Bd3 dxc4 8.
Bxc4 b5 9. Bd3 O-O 10. O-O Bb7 11. Ng5 h6 12. Nge4 Nxe4 13. Nxe4 Be7 14. b3 Qb6
15. Bb2 Rac8 16. Qe2 a6 17. Rac1 f5 18. Ng3 c5 19. dxc5 Nxc5 20. Bb1 Nd7 21.
Nh5 Nf6 22. Rxc8 Rxc8 23. Nxf6+ Bxf6 24. Bxf6 gxf6 25. Qh5 Kg7 26. Rd1 Rd8 27.
Bd3 Qc6 28. Bf1 Rxd1 29. Qxd1 Qd5 30. Qc1 Qc6 31. Qxc6 Bxc6 32. b4 Kf7 33. Bd3
Ke7 34. f3 Kd6 35. Kf2 Ke5 36. g3 Bd7 37. Ke2 Bc6 38. a3 Bb7 39. Kf2 Bc6 40.
Be2 Kd5 41. Ke1 e5 42. Bd3 Ke6 43. f4 Be4 44. Kd2 Bxd3 45. Kxd3 Kd5 46. h3 e4+
47. Kc3 h5 48. h4 Kc6 1/2-1/2

[Event "Team B15 chess final 2018"]
[Site "Sochi"]
[Date "2018.05.07"]
[Round "6.2"]
[White "Kuzmin, Roman"]
[Black "Bobkov, Vadim"]
[Result "0-1"]
[WhiteElo "1950"]
[BlackElo "1933"]
[PlyCount "82"]
[EventDate "2018.05.01"]

1. e4 c5 2. Nf3 Nc6 3. d4 cxd4 4. Nxd4 g6 5. Nc3 Bg7 6. Be3 Nf6 7. Nb3 O-O 8.
Be2 a5 9. a4 Nb4 10. Bf3 d6 11. Qe2 Nd7 12. g3 Ne5 13. Bg2 Bg4 14. f3 Be6 15.
Nd4 Bc4 16. Qd2 Rc8 17. Bh3 Ba6 18. Bf2 e6 19. Rd1 Qc7 20. Qc1 Qc4 21. Bf1
Nxf3+ 22. Nxf3 Bxc3+ 23. bxc3 Qxc3+ 24. Rd2 Nxc2+ 25. Qxc2 Qxf3 26. Qb1 Qxh1
27. Re2 Bxe2 28. Kxe2 d5 29. Be3 Qxe4 30. Qxe4 dxe4 31. Bf4 Rc4 32. Ke3 Rxa4
33. Be5 Rd8 34. Bf6 Rd3+ 35. Kf4 Rf3+ 36. Kg5 Rxf1 37. g4 Rxf6 38. h4 e3 39. h5
e2 40. h6 Rff4 41. Kh4 e1=Q+ 0-1

[Event "Team B15 chess final 2018"]
[Site "Sochi"]
[Date "2018.05.07"]
[Round "6.3"]
[White "Petrovsky, Nikita"]
[Black "Garifullina, Leya"]
[Result "0-1"]
[WhiteElo "1880"]
[BlackElo "2061"]
[PlyCount "146"]
[EventDate "2018.05.01"]

1. e4 c5 2. Nf3 d6 3. d4 cxd4 4. Nxd4 Nf6 5. Nc3 a6 6. Be3 e6 7. f3 b5 8. Qd2
Nbd7 9. g4 Nb6 10. O-O-O Bb7 11. Qf2 Nfd7 12. a3 Rc8 13. Kb1 Rxc3 14. bxc3 Na4
15. Qe1 Qc7 16. Bd2 d5 17. Qe3 Qc5 18. Ne2 dxe4 19. fxe4 Qxe3 20. Bxe3 Bxe4 21.
Rg1 Bf3 22. Rd2 Bxa3 23. Ka2 Be7 24. Ka1 Bf6 25. g5 Be5 26. Nd4 Bd5 27. h4 Nxc3
28. Bg2 Nb6 29. Rd3 Ne2 30. Bxd5 Nxd5 31. Re1 Nxd4 32. Bxd4 Bxd4+ 33. Rxd4 Kd7
34. Rf1 Ke7 35. Rf3 Rc8 36. Kb2 b4 37. h5 a5 38. g6 hxg6 39. hxg6 f5 40. Rxd5
exd5 41. Rxf5 Kd6 42. Rf7 Rc7 43. Rf8 a4 44. Ra8 a3+ 45. Kb3 Rb7 46. c3 bxc3+
47. Kxc3 Ke5 48. Rxa3 Ke4 49. Ra6 d4+ 50. Kd2 Rb2+ 51. Kc1 Rg2 52. Rd6 Kd3 53.
Ra6 Rg1+ 54. Kb2 Kd2 55. Rd6 d3 56. Rc6 Rg3 57. Rd6 Rg5 58. Rb6 Re5 59. Rd6
Rb5+ 60. Ka2 Rb7 61. Ka3 Kc2 62. Rc6+ Kd1 63. Rd6 d2 64. Re6 Rb8 65. Re7 Rf8
66. Rxg7 Rd8 67. Kb2 Ke2 68. Re7+ Kf3 69. Rf7+ Kg4 70. g7 d1=Q 71. Rf8 Qd4+ 72.
Kc2 Qc4+ 73. Kb2 Qb4+ 0-1

[Event "Team B15 chess final 2018"]
[Site "Sochi"]
[Date "2018.05.07"]
[Round "6.4"]
[White "Pingin, Artem"]
[Black "Leukhin, Artem"]
[Result "0-1"]
[WhiteElo "1972"]
[BlackElo "1656"]
[PlyCount "138"]
[EventDate "2018.05.01"]

1. d4 d5 2. Nf3 Nf6 3. Bf4 c5 4. e3 Nc6 5. c3 Qb6 6. b3 Bf5 7. Nbd2 cxd4 8.
exd4 e6 9. Be2 Ba3 10. Nh4 Bb2 11. Nxf5 exf5 12. Rc1 Bxc1 13. Qxc1 O-O 14. O-O
Ne4 15. Nb1 Rac8 16. Qd1 Rfe8 17. Bd3 Ne7 18. Bd2 Ng6 19. Be1 Nf4 20. Qf3 Nxd3
21. Qxd3 Qe6 22. f3 Nf6 23. Bd2 g6 24. Kf2 Qd6 25. g3 Re6 26. Kg2 Qa6 27. Qxa6
Rxa6 28. a3 Re8 29. Kf2 Rb6 30. b4 Rbe6 31. Re1 Kf8 32. Re3 Ke7 33. Ke2 Kd7 34.
Kd3 Nh5 35. Rxe6 Rxe6 36. b5 f6 37. a4 g5 38. Na3 Ng7 39. Nc2 h5 40. Ne3 Kd6
41. h3 Re8 42. a5 Ke6 43. Ng2 Rc8 44. Ne3 Ne8 45. h4 Nd6 46. Ng2 Nxb5 47. hxg5
fxg5 48. Bxg5 Rxc3+ 49. Kd2 Rxf3 50. Nf4+ Rxf4 51. Bxf4 Nxd4 52. Kd3 Nc6 53.
Bd2 Kd6 54. Ke3 Kc5 55. Kf4 Kb5 56. Kxf5 Nxa5 57. Kg5 Nc4 58. Bf4 Kc6 59. Kxh5
Kd7 60. g4 Ke6 61. Kg6 d4 62. Kh7 d3 63. g5 d2 64. Bxd2 Nxd2 65. g6 Ne4 66. g7
Nf6+ 67. Kh8 b5 68. g8=Q+ Nxg8 69. Kxg8 b4 0-1

[Event "Team B15 chess final 2018"]
[Site "Sochi"]
[Date "2018.05.07"]
[Round "6.1"]
[White "Ril, Evgeny"]
[Black "Tsoi, Dmitry"]
[Result "0-1"]
[WhiteElo "1754"]
[BlackElo "2348"]
[PlyCount "100"]
[EventDate "2018.05.01"]

1. e4 e5 2. Bc4 Nf6 3. d3 Bc5 4. Nc3 c6 5. Nf3 d6 6. h3 O-O 7. O-O Nbd7 8. a4
a6 9. Qe2 Rb8 10. Be3 b5 11. axb5 axb5 12. Ba2 Re8 13. Ng5 Re7 14. Bxc5 Nxc5
15. f4 b4 16. Nxf7 Rxf7 17. Bxf7+ Kxf7 18. Na4 Nxa4 19. Rxa4 Kg8 20. b3 c5 21.
Qf2 Qe7 22. Rfa1 Bb7 23. Ra7 exf4 24. Qxf4 Nd7 25. R1a5 Ne5 26. R5a6 Rf8 27.
Qg3 Qc7 28. Qg5 h6 29. Qh5 c4 30. Qd1 Nc6 31. Rxc6 Qxc6 32. Ra4 cxb3 33. cxb3
d5 34. Qg4 dxe4 35. dxe4 Qc5+ 36. Kh2 Qe5+ 37. Kg1 Bxe4 38. Ra2 h5 39. Qe2 Qc5+
40. Kh2 Qc7+ 41. Kg1 Qc1+ 42. Kh2 Qf4+ 43. Kg1 Rc8 44. Ra1 Rc2 45. Ra8+ Bxa8
46. Qxc2 Qe4 47. Qd2 Bd5 48. Qb2 Qe3+ 49. Kh2 Qxb3 50. Qe5 Bf7 0-1

[Event "Team B15 chess final 2018"]
[Site "Sochi"]
[Date "2018.05.07"]
[Round "6.2"]
[White "Murzin, Volodar"]
[Black "Tsybulkin, Ivan"]
[Result "1-0"]
[WhiteElo "2302"]
[BlackElo "1814"]
[PlyCount "101"]
[EventDate "2018.05.01"]

1. Nf3 d5 2. g3 c6 3. Bg2 Bg4 4. O-O Nf6 5. d3 e6 6. Nbd2 Be7 7. h3 Bxf3 8.
Nxf3 O-O 9. c3 Nbd7 10. Qc2 Qc7 11. e4 Rfd8 12. Be3 dxe4 13. dxe4 Ne5 14. Rad1
Nxf3+ 15. Bxf3 Rxd1 16. Rxd1 Rd8 17. Rxd8+ Qxd8 18. a4 b6 19. Kg2 Nd7 20. h4 g6
21. Be2 e5 22. Bc4 Nc5 23. b4 Nb7 24. Ba2 Qd7 25. Qe2 c5 26. b5 Nd8 27. Bd5 Ne6
28. Bh6 Bf8 29. Be3 Bd6 30. h5 Nc7 31. Bc4 Bf8 32. Qf3 Bd6 33. Bg5 Ne8 34. Bd5
Ng7 35. hxg6 hxg6 36. Qf6 Ne6 37. Bh4 Qe8 38. Qf3 Be7 39. Bxe6 fxe6 40. Bf6
Bxf6 41. Qxf6 Qf7 42. Qxe5 Qd7 43. c4 Kh7 44. Qf6 Qe8 45. Kf3 Qd7 46. Ke2 Qe8
47. Kf3 Qd7 48. Kg4 e5+ 49. Kg5 Qd2+ 50. f4 exf4 51. Qe7+ 1-0

[Event "Team B15 chess final 2018"]
[Site "Sochi"]
[Date "2018.05.07"]
[Round "6.3"]
[White "Druchenko, Mikhail"]
[Black "Ter-Saakian, Grigorii"]
[Result "0-1"]
[WhiteElo "1822"]
[BlackElo "2066"]
[PlyCount "52"]
[EventDate "2018.05.01"]

1. e4 d5 2. exd5 Qxd5 3. Nc3 Qd6 4. d4 Nf6 5. Nb5 Qb6 6. c4 c6 7. Nc3 Bg4 8.
Be2 Bxe2 9. Ngxe2 Nbd7 10. O-O g6 11. Re1 Bg7 12. Nf4 e6 13. d5 e5 14. Nd3 O-O
15. c5 Qd8 16. d6 b6 17. b4 e4 18. Nb2 bxc5 19. Nxe4 cxb4 20. Qa4 Nxe4 21. Rxe4
Nc5 22. Qxc6 Rc8 23. Qd5 Nxe4 24. Qxe4 Re8 25. Qxb4 Qxd6 26. Qa5 Bc3 0-1